Statistics for Kings of Prussia

Click here to take the quiz!

General Stats

  • This quiz has been taken 351 times
  • The average score is 7 of 9

Answer Stats

HintAnswer% Correct
1861-1888Wilhelm I
94%
1888-1918Wilhelm II
94%
1740-1786Frederick the Great
87%
1701-1713Frederick I
85%
1888-1888Frederick III
79%
1713-1740Frederick Wilhelm I
61%
1786-1797Frederick Wilhelm II
58%
1797-1840Frederick Wilhelm III
56%
1840-1861Frederick Wilhelm IV
52%

Score Distribution

Percentile by Number Answered

Percent of People with Each Score

Your Score History

You have not taken this quiz